ბათუმის შოთა რუსთაველის სახელმწიფო უნივერსიტეტის ბიბლიოთეკა

Монтаж и эксплуатация промышленного электрооборудования. (ბიბ.ჩანაწერი № 38209)

000 -LEADER
fixed length control field 00787nam a2200229Ia 4500
001 - CONTROL NUMBER
control field 4199
003 - CONTROL NUMBER IDENTIFIER
control field GE_BSU
008 - FIXED-LENGTH DATA ELEMENTS--GENERAL INFORMATION
fixed length control field 181216s||||||||xx |||||||||||||| ||und||
040 ## - CATALOGING SOURCE
Transcribing agency GE_BSU
080 ## - UNIVERSAL DECIMAL CLASSIFICATION NUMBER
Universal Decimal Classification number 621.3(075.32)
100 ## - MAIN ENTRY--PERSONAL NAME
Personal name Поляков,Г.Е. Коварский,А.И.
245 ## - TITLE STATEMENT
Title Монтаж и эксплуатация промышленного электрооборудования.
245 ## - TITLE STATEMENT
Remainder of title Учебник.
245 ## - TITLE STATEMENT
Statement of responsibility, etc. Ред. Е.М. Шумилова.
250 ## - EDITION STATEMENT
Edition statement Изд. 4-е, испр и доп.
260 ## - PUBLICATION, DISTRIBUTION, ETC.
Place of publication, distribution, etc. М.
260 ## - PUBLICATION, DISTRIBUTION, ETC.
Name of publisher, distributor, etc. Высш. школа.
260 ## - PUBLICATION, DISTRIBUTION, ETC.
Date of publication, distribution, etc. 1968.
300 ## - PHYSICAL DESCRIPTION
Extent 296 стр. 22 см. с илл.
653 ## - INDEX TERM--UNCONTROLLED
Uncontrolled term Монтаж и эксплуатация промышленного электрооборудования.
942 ## - ADDED ENTRY ELEMENTS (KOHA)
Koha item type წიგნი
ეგზემპლარები
Withdrawn status Lost status Damaged status Not for loan Date acquired Barcode Date last seen Price effective from Koha item type Public note
        2018-12-17 9410 2018-12-17 2018-12-17 წიგნი საცავი